Materials selection in mechanical design

Salvato in:
Dettagli Bibliografici
Autore principale: Ashby, Michael F (Autore)
Natura: Libro
Lingua:inglese
Pubblicazione: Burlington Elsevier 2005
Edizione:3a. ed
Soggetti:
Tags: Aggiungi Tag
Nessun Tag, puoi essere il primo ad aggiungerne!!

MARC

LEADER 00000nam a2200000 a 4500
001 UCJ9147
003 CL-VaPUC
008 070309e20050000US |||||||||||||||||eng|d
020 |a 0750661682 
082 0 4 |a 620.1  |b ASH  |2 21 
100 0 |a Ashby, Michael F  |e author  |9 519035 
245 1 0 |a Materials selection in mechanical design 
250 |a 3a. ed 
300 |a 603 p 
942 |c BK 
945 |d 20070309 00:00:00  |a cmena 
260 |a Burlington  |b Elsevier  |c 2005 
650 0 |a Ingeniería de materiales  |9 408195 
650 7 |a EQUIPOS Y ACCESORIOS  |2 CL-VaPUC  |9 10 
650 0 |a Diseño mecánico  |9 396029 
650 0 |a Simulación por computador  |9 260988 
650 0 |a Resistencia de materiales  |9 260095 
650 0 |a Propiedades mecánicas   |9 262507 
583 |a last modification  |c 20070309 00:00:00  |k Rodrigo Vera 
999 |c 324738  |d 324736 
952 |0 0  |1 0  |4 0  |6 620_100000000000000_ASH_2005  |7 0  |8 A  |9 405078  |a BIBING  |b BIBING  |d 2019-11-22  |i 4315235  |l 1  |o 620.1 ASH 2005  |p 4315235  |q 2020-07-29  |r 2020-07-27  |s 2020-07-27  |w 2019-11-22  |y BK  |k EIQ 
952 |0 0  |1 0  |4 0  |6 620_100000000000000_ASH_2005  |7 0  |8 A  |9 405079  |a BIBMEC  |b BIBMEC  |d 2019-11-22  |i 4521560  |o 620.1 ASH 2005  |p 4521560  |r 2019-11-22  |w 2019-11-22  |y BK  |k MEC